00828nam a2200229 i 4500003000900000005001700009007000300026008004100029040003000070082002900100110002600129240001800155245011100173264005600284300002500340336002700365337003300392338002800425650005300453650005300506651003900559DO-SdBNP20250305084237.0ta250305s200u dr 001 0 spa d aDO-SdBNPbspacBNPHUerda a346.064bR426L, 200-2221 aRepublica Dominicana.10a[Leyes, etc.]10aLey 122-05 que regula y fomenta las asociaciones sin fines de lucro :bpromulgada el 3 de mayo del 2005. / aSanto Domingo :b[editor no identificado],c[2005]. a35 páginasc21 cm. atextobtxt2rdacontent asin mediaciónbn2rdamedia avolumenbnc2rdacarrier 4aOrganizaciones sin animo de lucroxLegislación 4aOrganizaciones no-gubernamentalesxLegislación 4aRepública DominicanaxLey 122-05